Southville International School and Colleges
Your cart is empty.
  • Cart
  • Lists
    Public lists Eva Luna New books Lux_list list_1
    Your lists Log in to create your own lists
  • Log in to your account
  • Your cookies
  • Search history
Southville International School and Colleges
  • Advanced search
  • Recent comments
  • Most popular
  • Libraries

Log in to your account

Log in with GOOGLE


If you do not have an external account, but do have a local account, you can still log in:

  1. Home
  2. MARC view: The maze of bones /
Normal view MARC view ISBD view

The maze of bones / (Record no. 34693)

[ view plain ]
MARC details
000 -LEADER
fixed length control field 01712cam a2200409 a 4500
001 - CONTROL NUMBER
control field 15032560
003 - CONTROL NUMBER IDENTIFIER
control field OSt
005 - DATE AND TIME OF LATEST TRANSACTION
control field 20140310184458.0
008 - FIXED-LENGTH DATA ELEMENTS--GENERAL INFORMATION
fixed length control field 071003s2008 nyu c 000 1 eng d
010 ## - LIBRARY OF CONGRESS CONTROL NUMBER
LC control number 2007938689
020 ## - INTERNATIONAL STANDARD BOOK NUMBER
International Standard Book Number 9780545060394 (hbk.)
020 ## - INTERNATIONAL STANDARD BOOK NUMBER
International Standard Book Number 0545060397 (hbk.)
035 ## - SYSTEM CONTROL NUMBER
System control number (OCoLC)ocn192081902
040 ## - CATALOGING SOURCE
Original cataloging agency UKM
Transcribing agency UKM
Modifying agency BTCTA
-- BAKER
-- P@N
-- YDXCP
-- XY4
-- WOO
-- MNF
-- CNVPL
-- LF3
-- OCLCQ
-- DLC
042 ## - AUTHENTICATION CODE
Authentication code lcac
-- lccopycat
050 00 - LIBRARY OF CONGRESS CALL NUMBER
Classification number PZ 7
Item number .R4829Maz 2008
100 1# - MAIN ENTRY--PERSONAL NAME
Personal name Riordan, Rick.
9 (RLIN) 18585
245 14 - TITLE STATEMENT
Title The maze of bones /
Statement of responsibility, etc Rick Riordan.
250 ## - EDITION STATEMENT
Edition statement 1st ed.
260 ## - PUBLICATION, DISTRIBUTION, ETC. (IMPRINT)
Place of publication, distribution, etc New York :
Name of publisher, distributor, etc Scholastic,
Date of publication, distribution, etc 2008.
300 ## - PHYSICAL DESCRIPTION
Extent 220 p. ;
Dimensions 20 cm. +
Accompanying material 6 game cards (8.5 x 13 cm.) in pocket.
490 0# - SERIES STATEMENT
Series statement The 39 clues ;
Volume number/sequential designation bk. 1
520 ## - SUMMARY, ETC.
Summary, etc When their beloved aunt--matriarch of the world's most powerful family--dies, orphaned siblings Amy and Dan Cahill compete with less honorable Cahill descendants in a race around the world to find cryptic clues to a mysterious fortune. Includes game cards which the reader may use to play an online version of the treasure hunt.
521 ## - TARGET AUDIENCE NOTE
Target audience note
526 ## - STUDY PROGRAM INFORMATION NOTE
Reading level 610
562 ## - COPY AND VERSION IDENTIFICATION NOTE
Number of copies For circulation. 1 copy available in the collection
650 #1 - SUBJECT ADDED ENTRY--TOPICAL TERM
Topical term or geographic name as entry element Treasure hunt (Game)
Form subdivision Fiction.
9 (RLIN) 28476
650 #1 - SUBJECT ADDED ENTRY--TOPICAL TERM
Topical term or geographic name as entry element Adventure and adventurers
Form subdivision Fiction.
9 (RLIN) 28477
650 #1 - SUBJECT ADDED ENTRY--TOPICAL TERM
Topical term or geographic name as entry element Families
Form subdivision Fiction.
9 (RLIN) 28478
650 #1 - SUBJECT ADDED ENTRY--TOPICAL TERM
Topical term or geographic name as entry element Brothers and sisters
Form subdivision Fiction.
9 (RLIN) 28479
650 #1 - SUBJECT ADDED ENTRY--TOPICAL TERM
Topical term or geographic name as entry element Orphans
Form subdivision Fiction.
9 (RLIN) 28480
650 #1 - SUBJECT ADDED ENTRY--TOPICAL TERM
Topical term or geographic name as entry element Inheritance and succession
Form subdivision Fiction.
9 (RLIN) 28481
906 ## - LOCAL DATA ELEMENT F, LDF (RLIN)
a 7
b cbc
c copycat
d 2
e ncip
f 20
g y-gencatlg
942 ## - ADDED ENTRY ELEMENTS (KOHA)
Source of classification or shelving scheme Library of Congress Classification
Koha item type
Holdings
Withdrawn status Lost status Source of classification or shelving scheme Damaged status Home library Current library Shelving location Date acquired Total Checkouts Full call number Barcode Date last seen Date checked out Copy number Price effective from Koha item type
    Library of Congress Classification   Luxembourg Library Luxembourg Library Scholastic Reading Center Section 10/11/2013 2 PZ 7 .R4829Maz 2008 LEX2346 05/02/2019 04/08/2019 1 10/11/2013 Books

The maze of bones /

APA

Riordan R., . (2008). The maze of bones. New York: Scholastic.

Chicago

Riordan Rick, . 2008. The maze of bones. New York: Scholastic.

Harvard

Riordan R., . (2008). The maze of bones. New York: Scholastic.

MLA

Riordan Rick, . The maze of bones. New York: Scholastic. 2008.

  • Place hold
  • Print
  • Cite
  • Add to your cart (remove)
  • Save record
    BIBTEX Dublin Core MARCXML MARC (non-Unicode/MARC-8) MARC (Unicode/UTF-8) MARC (Unicode/UTF-8, Standard) MODS (XML) RIS
  • More searches
    Search for this title in:
    Other Libraries (WorldCat) Other Databases (Google Scholar) Online Stores (Bookfinder.com) Open Library (openlibrary.org)

Exporting to Dublin Core...

SOUTHVILLE LIBRARY

Southville International School and Colleges Library

1281 Tropical Ave. Cor. Luxembourg St., BF Homes International, Las Pinas City

Tel. No. 8256374 / 252358 Loc. 117/146

Powered by Koha